Statistics for 上野東京ライン・湘南新宿ラインの経由路線パターン

Click here to take the quiz!

General Stats

  • This quiz has been taken 65 times
  • The average score is 8 of 12

Answer Stats

Answer% Correct
上野東京ライン東海道本線-東北本線
98%
上野東京ライン東海道本線-東北本線-高崎線
84%
上野東京ライン東海道本線-東北本線-常磐線
75%
湘南新宿ライン東海道本線-山手線-東北本線
67%
湘南新宿ライン東海道本線-山手線-東北本線-高崎線
63%
上野東京ライン東海道本線-東北本線-高崎線-上越線
59%
湘南新宿ライン横須賀線-東海道本線-山手線-東北本線
59%
上野東京ライン伊東線-東海道本線-東北本線
57%
上野東京ライン伊東線-東海道本線-東北本線-高崎線
57%
上野東京ライン東海道本線-東北本線-高崎線-上越線-両毛線
55%
上野東京ライン東海道本線-東北本線-常磐線-成田線
45%
湘南新宿ライン東海道本線-山手線-東北本線-高崎線-上越線-両毛線
33%

Score Distribution

Percentile by Number Answered

Percent of People with Each Score

Your Score History

You have not taken this quiz